L'analyse du film documentaire (notice n° 1925252)

détails MARC
000 -LEADER
fixed length control field 01611cam a2200133 4500500
005 - DATE AND TIME OF LATEST TRANSACTION
control field 20260329023155.0
041 ## - LANGUAGE CODE
Language code of text/sound track or separate title fre
042 ## - AUTHENTICATION CODE
Authentication code dc
100 10 - MAIN ENTRY--PERSONAL NAME
Personal name Kilborne, Yann
Relator term author
245 00 - TITLE STATEMENT
Title L'analyse du film documentaire
260 ## - PUBLICATION, DISTRIBUTION, ETC.
Name of publisher, distributor, etc. Armand Colin,<br/>
Date of publication, distribution, etc. 2022.<br/>
520 ## - SUMMARY, ETC.
Summary, etc. Cet ouvrage propose une méthode destinée à guider le lecteur dans l'analyse de films documentaires :Une première partie présente et clarifie d'abord deux grandes questions auxquelles se trouve confronté le documentaire, et qui en déterminent la définition : comment penser le rapport au réel en documentaire ? Comment se repérer dans une diversité documentaire qui échappe au désir de maîtrise et de catégorisation ?Une deuxième partie présente une grille de lecture servant au travail interprétatif. Un modèle d'interprétation dit « paradigmatique » offre trois grands familles de représentation, trois conceptions antagonistes du documentaire, à partir desquelles saisir un film documentaire (le paradigme de la « transparence », celui du « regard » et celui de « l’expérimentation »). Des analyses filmiques servent à exemplifier le travail, les films étudiés étant envisagés comme des archétypes.Enfin une troisième et dernière partie met en œuvre l'analyse approfondie de deux séries de films documentaires (une série sur l’art, une autre sur la violence), afin de renforcer la compréhension de la méthode grâce au procédé de la comparaison.
856 41 - ELECTRONIC LOCATION AND ACCESS
Uniform Resource Identifier <a href="https://shs.cairn.info/l-analyse-du-film-documentaire--9782200627133?lang=fr&redirect-ssocas=7080">https://shs.cairn.info/l-analyse-du-film-documentaire--9782200627133?lang=fr&redirect-ssocas=7080</a>

Pas d'exemplaire disponible.

PLUDOC

PLUDOC est la plateforme unique et centralisée de gestion des bibliothèques physiques et numériques de Guinée administré par le CEDUST. Elle est la plus grande base de données de ressources documentaires pour les Étudiants, Enseignants chercheurs et Chercheurs de Guinée.

Adresse

627 919 101/664 919 101

25 boulevard du commerce
Kaloum, Conakry, Guinée

Réseaux sociaux

Powered by Netsen Group @ 2025